Long Island Railroad- All Stations - Statistics

General Stats
  • This quiz has been taken 1,642 times
    695 since last reset
  • The average score is 52 of 126
Answers on the Map
Answers color-coded by a green-red scale on the quiz's map according to % correct below.
 
Answer Stats
Answer % Correct
Babylon
84%
Jamaica
84%
Montauk
84%
Pennsylvania Station
82%
Long Beach
80%
Ronkonkoma
80%
Hempstead
79%
Oyster Bay
78%
Port Washington
78%
Huntington
77%
Port Jefferson
76%
Far Rockaway
75%
Grand Central Terminal
71%
West Hempstead
71%
Southampton
60%
East Hampton
59%
Woodside
59%
Hicksville
58%
Westhampton
58%
Massapequa
57%
Mineola
56%
Great Neck
55%
Islip
55%
Atlantic Terminal Brooklyn
52%
Flushing-Main Street
52%
Kew Gardens
51%
Long Island City
51%
Forest Hills
49%
Garden City
49%
Stony Brook
48%
Syosset
48%
Elmont-UBS Arena
47%
Farmingdale
47%
Riverhead
47%
Rockville Centre
46%
Amityville
45%
Valley Stream
45%
Greenport
44%
Massapequa Park
44%
Bethpage
43%
Glen Cove
43%
Merrick
43%
Mets-Willets Point
43%
Central Islip
42%
Patchogue
42%
Bay Shore
41%
Bayside
41%
Deer Park
41%
East New York
41%
Floral Park
41%
Freeport
41%
Lindenhurst
41%
Oceanside
41%
Westbury
41%
Cold Spring Harbor
40%
Hampton Bays
40%
Little Neck
40%
Lynbrook
40%
Manhasset
40%
Bellmore
39%
Roslyn
39%
Seaford
39%
Wantagh
39%
New Hyde Park
38%
Northport
38%
Smithtown
38%
Carle Place
37%
Wyandanch
37%
Amagansett
36%
Baldwin
36%
Brentwood
36%
Bridgehampton
36%
Hunterspoint Ave
36%
Nostrand Ave
36%
East Rockaway
35%
Copiague
34%
Queens Village
34%
Speonk
34%
Hewlett
33%
Hollis
33%
Island Park
33%
Kings Park
33%
Mastic-Shirley
33%
Sayville
33%
Yaphank
33%
St. Albans
32%
Belmont Park
31%
Douglaston
31%
Plandome
31%
St. James
31%
Inwood
30%
Rosedale
30%
Bellport
29%
Cedarhurst
29%
Lawrence
29%
Locust Valley
29%
Oakdale
29%
Woodmere
29%
Glen Head
28%
Malverne
28%
Mattituck
28%
Merillon Ave
28%
Pinelawn
28%
Country Life Press
27%
Greenlawn
27%
Southold
27%
Auburndale
26%
Broadway
26%
Medford
26%
East Williston
25%
Laurelton
25%
Bellerose
24%
Centre Ave
24%
Locust Manor
24%
Albertson
23%
Great River
23%
Glen Street
22%
Murray Hill
22%
Sea Cliff
22%
Gibson
21%
Hempstead Gardens
21%
Nassau Blvd
21%
Stewart Manor
21%
Lakeview
20%
Greenvale
16%
Westwood
14%
No matching quizzes found
Score Distribution
Percent of People with Each Score
Percentile by Number Answered
Your Score History
You have not taken this quiz since the last reset